Many lands many peoples: recollections and impressions of a diplomat (Record no. 399953)

000 -LEADER
fixed length control field 00492cam a22001577a 4500
008 - FIXED-LENGTH DATA ELEMENTS--GENERAL INFORMATION
fixed length control field 180718b2002 xxu||||| |||| 00| 0 eng d
020 ## - INTERNATIONAL STANDARD BOOK NUMBER
International Standard Book Number 8122006353
082 ## - DEWEY DECIMAL CLASSIFICATION NUMBER
Classification number D1x54 B859
100 ## - MAIN ENTRY--PERSONAL NAME
Personal name Budhwar, Prem K.
245 ## - TITLE STATEMENT
Title Many lands many peoples: recollections and impressions of a diplomat
Statement of responsibility, etc. by Prem K. Budhwar
260 ## - PUBLICATION, DISTRIBUTION, ETC.
Place of publication, distribution, etc. Delhi
Name of publisher, distributor, etc. Konark
Date of publication, distribution, etc. 2002
300 ## - PHYSICAL DESCRIPTION
Extent 224p.
650 ## - SUBJECT ADDED ENTRY--TOPICAL TERM
Topical term or geographic name entry element India --Foreign relations --1947-1984
650 ## - SUBJECT ADDED ENTRY--TOPICAL TERM
Topical term or geographic name entry element Diplomats --India --Biography
650 ## - SUBJECT ADDED ENTRY--TOPICAL TERM
Topical term or geographic name entry element Budhwar, Prem K.
Holdings
Withdrawn status Lost status Damaged status Not for loan Permanent Location Current Location Date acquired Full call number Barcode Date last seen Price effective from Koha item type
        Indian Institute of Public Administration Indian Institute of Public Administration 2002-08-21 D1x54 B859 77817 2018-07-21 2018-07-21 Book

Powered by Koha